| 000 | 00696cam a2200205 a 4500 | ||
|---|---|---|---|
| 020 | _a9780335242023 | ||
| 040 |
_aDLC _cDLC _dDLC |
||
| 082 | 0 | 0 |
_a378.240941 _221 |
| 100 | 1 | _aPhillips, Estelle, | |
| 245 | 1 | 0 |
_aHow to get a PhD : A handbook for students and their supervisors _cEstelle M. Phillips and Derek S. Pugh. |
| 250 | _a5th ed. | ||
| 260 |
_aBuckingham [England] ; _aPhiladelphia : _bOpen University Press, _cc2000. |
||
| 300 |
_axvi, 235 p. ; _c22 cm. |
||
| 650 | 0 |
_aDoctor of philosophy degree _zGreat Britain. |
|
| 650 | 0 |
_aUniversities and colleges _zGreat Britain _xGraduate work. |
|
| 700 | 1 | _aPugh, Derek Salman. | |
| 700 | 1 | _aPhillips, Estelle, | |
| 856 | 4 | 2 | _ul |
| 942 |
_2ddc _cBK |
||
| 999 |
_c11378 _d11378 |
||